11. letná škola mikroelektroniky

Enregistré dans:
Détails bibliographiques
Format: Livre
Langue:slovaque
Publié: Bratislava Dom techn. ČSVTS 1988
Édition:1. vyd.
Tags: Ajouter un tag
Pas de tags, Soyez le premier à ajouter un tag!

MARC

LEADER 00000nam a2200000 4500
001 c030102
005 20221219091322.9
041 0 |a slo 
044 |a SK 
245 1 0 |a 11. letná škola mikroelektroniky 
250 |a 1. vyd. 
264 1 |a Bratislava  |b Dom techn. ČSVTS  |c 1988 
300 |a 45 s.